[Event "EU-chT (Men) 11th"]
[Site "Pula"]
[Date "1997.05.??"]
[Round "2.2"]
[White "Oll, Lembit"]
[Black "Hoelzl, Franz"]
[Result "1-0"]
[WhiteElo "2625"]
[BlackElo "2415"]
[Annotator "Ribli"]
[PlyCount "65"]
[EventDate "1997.05.05"]
[EventType "swiss ()"]
[EventRounds "9"]
[EventCountry "CRO"]
[Source "ChessBase"]
[SourceDate "1997.05.01"]
[WhiteTeam "Estonia"]
[BlackTeam "Austria"]
[WhiteTeamCountry "EST"]
[BlackTeamCountry "AUT"]

1. d4 Nf6 2. Nf3 d5 3. c4 e6 4. g3 dxc4 5. Bg2 a6 {Das ist eine der kritischen
Varianten für den weißen Aufbau. Schwarz möchte mit folgendem 6...b5 sein
Mehrbauern verteidigen. Ribli.} 6. O-O b5 7. Ne5 Nd5 8. a4 Bb7 9. b3 {
Eine sehr scharfer Zug, der zu großen Komplikationen führt. Ribli.} (9. axb5
axb5 10. Rxa8 Bxa8 11. e4 Nf6 12. Nc3 c6 13. d5 Be7 (13... cxd5 14. Nxb5 (14.
exd5 Nxd5 15. Qh5 Qf6 16. Bxd5 Bxd5 17. Nxd5 exd5 18. Re1 Be7 19. Nxc4 O-O 20.
Ne3 Bc5 21. Qxd5 Na6 {1/2-1/2 Kohlweyer,B-Nisipeanu,D/BL 1997 (24)}) 14... Qa5
15. Nc3 Bb4 16. exd5 Bxc3 17. bxc3 Bxd5 18. Bxd5 exd5 19. Nxc4 $1 {
+/- Horvath,J-Varga,Z/Magyarorszag (ch) 1995 (27)}) 14. dxe6 fxe6 15. Qe2 Na6
16. Be3 Nc5 17. Rd1 Qc7 18. Nxc4 e5 19. b4 Ncd7 20. Qa2 Bb7 21. Na5 Bxb4 22.
Qe6+ {1-0 Horvath,J-Hoelzl,F/Budapest Elekes 1994 (38)}) 9... c3 (9... cxb3 10.
Qxb3 $44 {In diesem Fall hat Weiß grossen Entwicklungsvorsprung und Initiative.
Es droht ständig der Vorstoß e4-d5. Ribli.}) 10. e4 (10. axb5 axb5 11. Rxa8
Bxa8 12. e4 b4 13. exd5 Bxd5 14. Bxd5 (14. Qg4 Bxg2 15. Kxg2 Qd5+ 16. Kg1 f6
17. Re1 fxe5 18. Rxe5 Qd7 19. d5 Bd6 {
0-1 Conquest,S-Przewoznik,J/Poznan 1986 (28)}) (14. Be3 Be7 (14... Bxg2 15.
Kxg2 Qd5+ 16. Kg1 (16. Qf3 f6 17. Nc4 Nc6 18. Rc1 Kd7 19. Nxc3 bxc3 20. Rxc3
Bb4 21. Rc2 Ra8 {=/+ Ksieski,Z-Novikov,I/Poznan 1985}) 16... Bd6 17. Nc4 $13)
15. Bxd5 Qxd5 16. Qc2 $1 Bf6 17. Nxc3 $1 bxc3 18. Qxc3 Bxe5 19. dxe5 Nc6 20. f4
{1/2-1/2 Rogers,I-Chandler,M/Wellington m 1986 (29)}) 14... Qxd5 {
Das fuehrt zu ahnliche Stellungen,als unsere Hauptpartie.Ribli.}) 10... b4 {
Schwarz kann diese Variante nur mit diesem zeitweilige Opfer  spielen. Ribli.}
(10... Nf6 11. axb5 axb5 12. Rxa8 Bxa8 13. Nxc3 b4 14. Nb5 $13 (14. Na4 Bxe4
15. Bxe4 Nxe4 16. Qf3 Nf6 17. Nc6 Nxc6 18. Qxc6+ Qd7 19. Qa8+ Qd8 20. Qc6+ $10)
(14. Na2 Bxe4 15. Bxe4 Nxe4 16. Bb2 Qd5 17. Qc2 Bd6 {
Rocher,O-Kesmaecker,P/FRA-chT 1992/1/2-1/2 (55)})) 11. exd5 Bxd5 {Schwarz hat
nur zwei Bauern für die Figur, aber die zwei Bauern auf b4 und c3 engen den
ganzen weißen Damenflügel ein.    Anderseits ist der weiße König in Sicherheit,
und Weiß  hat großen Entwicklungsvorsprung. Ribli.} 12. Qh5 (12. Bxd5 Qxd5 13.
Be3 Nd7 14. Nxd7 Qxd7 15. Qc2 Be7 16. Nxc3 bxc3 17. Qxc3 O-O {
1/2-1/2 Ehlvest,J-Veingold,A/Tallinn 1980 (29)}) (12. Qg4 Bxg2 13. Kxg2 Qd5+
14. Kg1 Nc6 15. Nxc6 Qxc6 16. d5 Qxd5 17. Rd1 {~~ Vainstein-Kacur/USSR 1984})
12... g6 13. Qh3 Bg7 (13... c6 $5 {Ich glaube,das ist eine bessere
Moeglichkeit,als der Partizug,und der Laeufer steht nicht so schlecht in der
Grundstellung auf f8.Ribli.}) (13... c5 14. Bg5 Qxg5 15. Nxc3 bxc3 16. Bxd5 Ra7
17. Bxe6 fxe6 18. Qxe6+ Qe7 19. Qc4 {
1-0 Romero Holmes,A-Izeta Txabarri,F/Andorra zt 1987 (43)}) (13... Be7 14. Bh6
Bxg2 15. Qxg2 Qd5 16. Qxd5 exd5 17. Re1 a5 18. Nxc3 bxc3 19. Rac1 f6 20. Ng4
Kf7 21. Rxc3 Rc8 {1/2-1/2 Kinsman,A-Bryson,D/Edinburgh op 1988 (32)}) 14. Nxc3
$5 {Um seinen Damenflügel zu befreien, gibt Weiß seinen Springer. Ribli.} bxc3
(14... Bxg2 15. Qxg2 Qxd4 16. Qxa8 O-O 17. Nc4 Qxc3 18. Rb1 Qc2 19. Be3 Qf5 20.
Qb7 {1-0 Korpics,Z-Csiszar,Z/Zalakaros op 1993}) 15. Ba3 Ra7 (15... Bf8 16.
Bxf8 Rxf8 17. Rac1 Ra7 18. Rxc3 Bxg2 19. Qxg2 Qxd4 20. Re3 Ke7 21. Qh3 c6 22.
Qxh7 Ke8 23. Rfe1 Qc5 24. b4 Qc2 25. Nxg6 {
1-0 Buturin-Novikov/Soviet Union 1986 (28)}) (15... Bxg2 16. Qxg2 Qd5 17. Qxd5
exd5 18. Rfe1) 16. Rfe1 $40 (16. Rac1 Bxg2 17. Qxg2 Qxd4 18. Nc6 Nxc6 19. Qxc6+
Qd7 (19... Kd8 20. Rfd1 $18) 20. Qc5 Bf8 (20... Rb7 21. Rfd1) 21. Qxa7 Bxa3 22.
Rfd1 $16) 16... Rb7 (16... Nd7 17. Nc6 Bxc6 18. Bxc6 $16) 17. Bxd5 Qxd5 18. Qh4
c6 (18... Bf8 19. Qf6) (18... Qd8 19. Qxd8+ (19. Qf4) 19... Kxd8 20. Nxf7+) 19.
Qf4 Bxe5 {Nach diesem Zug sind die schwarzen Felder im schwarzen Lager
unheilbar geschwächt. Ribli.} (19... f6 20. Nd3 (20. Nc4 Rxb3 21. Nd6+ Kd7 22.
Ne4 Rxa3 (22... Qxd4 $4 23. Nc5+ $18) 23. Nc5+ $40) 20... Nd7 21. Nb4 Qxb3 22.
Qd6) (19... c2 20. Nc4) 20. dxe5 $16 {Die schwarze Königstellung ist
hoffnungslos schwach. Ich vermag keine Methode zu sehen, wie Schwarz sich
verteidigen könnte. Ribli.} c2 21. Bd6 c5 {
Schwarz aktiviert seinen Springer, aber es ist bereits zu spät. Ribli.} (21...
Nd7 22. b4) 22. Rac1 Qxb3 (22... Rxb3 23. Qf6 $18) (22... Nc6 23. Rxc2 Nd4 24.
Rxc5 Nf3+ 25. Kh1 $18) 23. Re2 Nc6 24. Qf6 (24. Rexc2 Nd4 25. Rxc5 $4 Ne2+ $19)
24... Nd4 (24... Rg8 25. Rexc2 Nd4 26. Rxc5 Ne2+ 27. Kh1 Nxc1 28. Rc8+ Kd7 29.
Rxc1 $18) 25. Qxh8+ $18 Kd7 26. Rexc2 Nxc2 27. Qf8 Nd4 (27... Kc6 28. Qc8+ Kd5
(28... Kb6 29. Qxc5#) 29. Qxc5+ $18) 28. Qxf7+ Kc6 29. Rxc5+ Kb6 30. Rc7 Qb1+ (
30... Qd5 31. Rxb7+ Qxb7 32. Bc5+ $18) 31. Kg2 Qe4+ 32. f3 Qc2+ 33. Rxc2 {
Und Schwarz gab auf. Nach 33...Rxf7 kommt 34.Bc5 mit Gewinn. Ribli.} (33. Rxc2
Rxf7 34. Bc5+ Kb7 35. Bxd4 $18) 1-0

[Event "EU-chT (Men) 11th"]
[Site "Pula"]
[Date "1997.05.??"]
[Round "3.2"]
[White "Oll, Lembit"]
[Black "Zvjaginsev, Vadim"]
[Result "0-1"]
[WhiteElo "2625"]
[BlackElo "2610"]
[Annotator "Boensch,U"]
[PlyCount "60"]
[EventDate "1997.05.05"]
[EventType "swiss ()"]
[EventRounds "9"]
[EventCountry "CRO"]
[Source "ChessBase"]
[SourceDate "1997.05.01"]
[WhiteTeam "Estonia"]
[BlackTeam "Russia"]
[WhiteTeamCountry "EST"]
[BlackTeamCountry "RUS"]

1. e4 c5 2. Nf3 e6 3. d4 cxd4 4. Nxd4 Nc6 5. Nc3 d6 6. Be2 Nf6 7. f4 Be7 8. O-O
O-O 9. Kh1 Bd7 10. Nb3 Rc8 11. Be3 a6 12. a4 Na5 13. Nd2 Be8 (13... Qc7 14. Qe1
d5 15. e5 Ne8 16. Qf2 Bd8 17. Nf3 Nc4 18. Bd4 f5 (18... Nxb2 19. Nxd5 exd5 20.
Bxb2 f6 21. Bd3 $14) 19. Rfc1 h6 20. Qg1 g5 21. b3 Na5 22. Bd3 g4 $11 {
1-0 Kuzmin,G-Dydyshko,V/St.Petersburg 1992/CBM 30 (60)}) 14. Bd3 (14. Bg1 d5
15. e5 Nd7 16. Nf3 Nc4 17. b3 Na3 18. Bd4 Qa5 19. Na2 b5 20. c3 bxa4 21. b4 Qc7
22. Bxa6 Ra8 23. Bd3 Nb6 24. Nc1 Nb5 $15 {
Subasic,I-Cebalo,M/Zenica 1987/TD 87\06/0-1 (64)}) 14... d5 $146 (14... Nd7 15.
Qg4 Bf6 16. e5 Be7 17. exd6 Bxd6 18. Nce4 f5 19. Qh3 Be7 (19... fxe4 20. Nxe4
Be7 21. Ng5 $18) 20. Nc3 Bf6 21. Rae1 Bf7 22. Nf3 Nc4 $132 {
1/2-1/2 Kuczynski,R-Lanc,A/Camaguey-A 1987/CBM 05 (33)}) 15. e5 (15. exd5 Nxd5
16. Nxd5 Qxd5 17. Be4 Qd6 $17) 15... Nd7 16. Ne2 (16. Bxh7+ $4 Kxh7 17. Qh5+
Kg8 18. Rf3 f5 $19) 16... Nc5 17. Bxh7+ (17. Bxc5 Bxc5 18. c3 Nc6 $15 {^^})
17... Kxh7 18. b4 Nc4 $1 {
Damit erzwingt Schwarz Damentausch und geht ins bessere Endspiel.} 19. Nxc4
dxc4 20. Qxd8 (20. bxc5 Qxd1 21. Rfxd1 Bxc5 22. Bxc5 Rxc5 23. Rd8 Kg8 $15)
20... Rxd8 21. bxc5 Rc8 22. Rfb1 Bxc5 23. Bxc5 Rxc5 24. Rxb7 Bc6 $17 25. Ra7
Rd8 {Die schwarzen Figuren entwickeln eine gewaltige Initiative.} 26. c3 (26.
Rxa6 Rd2 27. Re1 c3 28. Kg1 Bd5 29. Rb6 Rxc2 30. Rbb1 Rd2 $17) (26. Rxf7 Rd2
27. Re1 c3 $17) 26... Rd2 27. Re1 Ra5 28. Rxf7 Rxa4 29. Kg1 Raa2 30. Kf2 Be8 (
30... Be8 31. Re7 Bh5 $19) 0-1

[Event "EU-chT (Men) 11th"]
[Site "Pula"]
[Date "1997.05.??"]
[Round "4.2"]
[White "Sokolov, Ivan"]
[Black "Oll, Lembit"]
[Result "1/2-1/2"]
[WhiteElo "2615"]
[BlackElo "2625"]
[PlyCount "147"]
[EventDate "1997.05.05"]
[EventType "swiss ()"]
[EventRounds "9"]
[EventCountry "CRO"]
[Source "ChessBase"]
[SourceDate "1997.05.01"]
[WhiteTeam "Bosna&Herzegovina"]
[BlackTeam "Estonia"]
[WhiteTeamCountry "BIH"]
[BlackTeamCountry "EST"]

1. d4 d5 2. c4 c6 3. Nc3 Nf6 4. Nf3 e6 5. Bg5 Nbd7 6. cxd5 exd5 7. e3 Be7 8.
Qc2 O-O 9. Bd3 Re8 10. h3 Nf8 11. O-O Ne4 12. Bf4 f5 13. Ne5 Ng6 14. Nxg6 hxg6
15. f3 Nf6 16. Qf2 Nh5 17. Be5 Bh4 18. Qd2 Bg3 19. Bxg3 Nxg3 20. Rfe1 Qd6 21.
Rab1 Bd7 22. b4 b5 23. a4 a6 24. Bc2 Re7 25. axb5 axb5 26. e4 dxe4 27. fxe4
Rae8 28. Bb3+ Kh7 29. Qf2 fxe4 30. Re3 Nf5 31. g4 Nh6 32. Rd1 Qxb4 33. Bc2 Rf7
34. Qe2 Rf3 35. Nxe4 Rxe3 36. Qxe3 Qc4 37. Qd2 Qd5 38. Ng5+ Kh8 39. Bxg6 Rf8
40. Bc2 c5 41. Qd3 Qxd4+ 42. Qxd4 cxd4 43. Rxd4 Rc8 44. Rxd7 Rxc2 45. Rb7 Rc5
46. Ne6 Re5 47. Rb8+ Ng8 48. Nf8 Rd5 49. h4 g5 50. Rb7 Rd1+ 51. Kg2 Nf6 52.
Ng6+ Kg8 53. hxg5 Nxg4 54. Kf3 Rd4 55. Rxb5 Ra4 56. Nf4 Nh2+ 57. Kg3 Nf1+ 58.
Kg4 Ne3+ 59. Kf3 Nc2 60. Rb8+ Kg7 61. Rb7+ Kg8 62. Nd5 Nd4+ 63. Kf2 Ra5 64. Rd7
Ne6 65. g6 Rxd5 66. Rxd5 Kg7 67. Rd6 Nf4 68. Ke3 Nxg6 69. Ke4 Kf7 70. Ra6 Ne7
71. Ke5 Ng6+ 72. Kd6 Nf8 73. Ra1 Kf6 74. Rf1+ 1/2-1/2

[Event "EU-chT (Men) 11th"]
[Site "Pula"]
[Date "1997.05.??"]
[Round "5.2"]
[White "Oll, Lembit"]
[Black "Huebner, Robert"]
[Result "1-0"]
[WhiteElo "2625"]
[BlackElo "2600"]
[PlyCount "131"]
[EventDate "1997.05.05"]
[EventType "swiss ()"]
[EventRounds "9"]
[EventCountry "CRO"]
[Source "ChessBase"]
[SourceDate "1997.05.01"]
[WhiteTeam "Estonia"]
[BlackTeam "Germany"]
[WhiteTeamCountry "EST"]
[BlackTeamCountry "GER"]

1. e4 e5 2. Nf3 Nc6 3. d4 exd4 4. Nxd4 Bc5 5. Be3 Qf6 6. c3 Nge7 7. Bc4 O-O 8.
O-O b6 9. Re1 Bb7 10. Bf1 d5 11. Nxc6 Qxc6 12. Bxc5 Qxc5 13. Nd2 Ng6 14. Qh5
Rae8 15. e5 f6 16. exf6 Rxe1 17. Rxe1 Rxf6 18. Nf3 Bc6 19. Bd3 Nf8 20. Re5 Qd6
21. Nd4 Rh6 22. Qg5 Bd7 23. Bf5 c5 24. Re7 Rg6 25. Rxd7 Qxd7 26. Qxg6 hxg6 27.
Bxd7 Nxd7 28. Nc6 Kf7 29. Nxa7 Ke6 30. Kf1 d4 31. Nb5 Kd5 32. Ke2 Ne5 33. b3
dxc3 34. Nxc3+ Kd4 35. Nb5+ Kd5 36. f4 Nc6 37. Ke3 c4 38. Nc3+ Kc5 39. Ne4+ Kb4
40. bxc4 Kxc4 41. Nd6+ Kd5 42. Ne8 b5 43. Kd2 Nd4 44. Nxg7 Ke4 45. Kc3 Ne2+ 46.
Kb4 Kxf4 47. Ne6+ Ke3 48. h4 Ke4 49. g4 Ke5 50. Nc7 Nc1 51. a3 Kf4 52. h5 gxh5
53. gxh5 Kg5 54. Kxb5 Nb3 55. a4 Kxh5 56. Ne6 Kg6 57. Nc5 Nd4+ 58. Kb6 Nf5 59.
a5 Nd6 60. a6 Kf5 61. Kc6 Nc8 62. Kb7 Nd6+ 63. Kb8 Nb5 64. Na4 Ke5 65. Nc3 Nd4
66. Kb7 1-0

[Event "EU-chT (Men) 11th"]
[Site "Pula"]
[Date "1997.05.??"]
[Round "6.2"]
[White "Almasi, Zoltan"]
[Black "Oll, Lembit"]
[Result "1-0"]
[WhiteElo "2595"]
[BlackElo "2625"]
[Annotator "Atlas,V"]
[PlyCount "59"]
[EventDate "1997.05.05"]
[EventType "swiss ()"]
[EventRounds "9"]
[EventCountry "CRO"]
[Source "ChessBase"]
[SourceDate "1997.05.01"]
[WhiteTeam "Hungary"]
[BlackTeam "Estonia"]
[WhiteTeamCountry "HUN"]
[BlackTeamCountry "EST"]

1. e4 c5 2. Nf3 d6 3. d4 cxd4 4. Nxd4 Nf6 5. Nc3 a6 6. Be3 e5 7. Nb3 Be6 8. f3
Nbd7 9. Qd2 b5 10. a4 ({Another option is} 10. g4 Nb6 11. g5 Nfd7 12. Na5 Rc8
13. O-O-O $132 {Lukianov,J-Kuporosov,V/URS/1988/}) 10... b4 11. Nd5 Bxd5 12.
exd5 Nb6 13. Bxb6 (13. Qxb4 $2 {is a mistake here. After} Nbxd5 14. Qd2 Nxe3
15. Qxe3 Be7 {Black has better perspectives.}) 13... Qxb6 14. a5 Qb7 15. Bc4
Be7 16. Ra4 Rb8 17. Nc1 (17. Qd3 Ra8 18. Qd2 Rb8 19. Nc1 Bd8 $5 20. Nd3 $5 Nxd5
21. Nxe5 dxe5 22. Qxd5 $14 {
1-0 Tiviakov,S-De Firmian,N/Polanica Zdroj 1995 (52)}) 17... Bd8 {
The main continuation. There are several alternatives:} (17... e4 {
is in White's favor:} 18. Na2 exf3 19. gxf3 Qd7 20. b3 Qh3 21. Rf1 Nd7 22. Nxb4
Nc5 23. Ra2 O-O 24. Kd1 Bf6 25. Nxa6 Nxb3 26. cxb3 Rxb3 27. Kc2 Rc3+ 28. Qxc3
Bxc3 29. Kxc3 Rc8 $16 {Cseshkovsky,V-Lukov,V/Sochi/1981/}) (17... O-O 18. Na2
Bd8 19. Nxb4 Bxa5 20. Rxa5 Qxb4 21. Qxb4 Rxb4 22. b3 Rb6 23. Kd2 Ra8 24. Rha1
Kf8 25. c3 Ke7 26. b4 Kd8 27. Bxa6 Kc7 28. Bd3 {
, and the endgame is lost for Black: Cseshkovsky,V-Bukic,E/Banjaluka/1981.}) (
17... Nd7 {deserves attention:} 18. Nd3 Bd8 19. Kd1 Qc8 20. b3 Nc5 21. Rxb4 Ra8
22. Nxc5 Qxc5 23. Ra4 h6 24. Re1 O-O 25. Qe3 {
De Toledo,J-Leitao,R/BRA-ch93/1994/1/2-1/2 (58)}) 18. b3 {
And White has a rich choice at this position:} (18. Na2 Bxa5 (18... Nd7 19. Kd1
Qc8 (19... Nc5 {Dolmatov} 20. Rxb4 Qc8 21. Rxb8 Qxb8 22. b4 Nd7 23. Bxa6 O-O
24. c3 h6 25. Re1 Bg5 26. Qd3 f5 27. Qb5 Qa7 28. Qb7 Qf2 29. Re2 Qf1+ 30. Kc2
Nf6 31. Bc4 {1-0 Henao,R-Leitao,R/Merida (11) 1993 (42)}) 20. b3 Nc5 21. Rxb4
Ra8 22. f4 e4 23. Be2 Bxa5 24. Qd4 O-O 25. Rc4 Bc7 26. f5 Re8 27. Nc3 a5 28. f6
Re5 29. Rf1 Bb6 30. Qe3 Qf8 31. fxg7 Qxg7 {
<=> Tseshkovsky,V-Giorgadze,T/Erevan zt 1982 (41)}) 19. Rxa5 Qc7 20. Bb5+ axb5
21. Ra6 O-O 22. Nxb4 Ra8 23. Rxa8 Rxa8 24. O-O Re8 25. c3 Qc5+ 26. Qf2 Qc4 $11
{Vidovic,S-Szelag,M/EU-chJM U16 Rimavska Sobota 1996}) (18. Kd1 O-O 19. Na2 Qd7
20. b3 Rb5 $1 $13 {Georgadze,T-Gruenfeld,Y/Dortmund 38/(348).}) (18. O-O O-O
19. Kh1 e4 20. Nb3 exf3 21. gxf3 Nd7 22. Nd4 Nc5 23. Ra2 Qe7 24. Nc6 Qh4 25.
Nxb8 Qxc4 26. Raa1 Bf6 27. b3 Qh4 28. Nc6 Bxa1 29. Rxa1 Re8 {
Gufeld,E-Gaprindashvili,N/USSR 32/340 1981/1/2-1/2 (58)}) 18... Nd7 $6 ({
A dubious choice. It is unclear, whether White has a real advantage after} 
18... O-O 19. Kd1 Qa8 20. Na2 Rb5 21. Nxb4 Rxa5 22. Rxa5 Bxa5 23. c3 Bxb4 24.
cxb4 {1/2-1/2 Milu,R-Arsovic,G/Belgrade Trako 1994}) 19. Nd3 $1 Nc5 $2 {
Solving the problem with the Pb4 at the expence of serious positionalconcession
s. Now the activity of White bishop significantly increases and his  Pd5
becomes extremely dangerous. Moreover, Black loses an important Pa6. 19...0-0
was better.} 20. Nxc5 dxc5 21. Qd3 $1 O-O ({Black cannot save Pa6, since after
} 21... Ra8 22. d6 {his positional is unbearable.}) 22. Bxa6 Qd7 23. d6 $1 {
The strongest continuation, widening the sphere of White's bishop activity.
After 23.0-0 Qd6 Black has some defensive perspectives.} Bf6 24. O-O e4 $1 {
The best response in the difficult position. Black activates his bishop and
wins back Pd6.} 25. fxe4 Bd4+ 26. Kh1 Qxd6 27. Bc4 Ra8 28. a6 Qb6 $2 ({
A final mistake.} 28... Be5 {also loses after} 29. Qxd6 Bxd6 30. a7 {
/\Bd5.  Essential was 28...Ra7, offering some trace of resistance.}) 29. e5 $1
{The tactical justification of  this move is 29...Be5 30.Qd5+-. Now Black
cannot prevent a simple win by Qe4 and e6.} Kh8 30. Bxf7 1-0

[Event "EU-chT (Men) 11th"]
[Site "Pula"]
[Date "1997.05.??"]
[Round "9.2"]
[White "Oll, Lembit"]
[Black "Blatny, Pavel"]
[Result "1-0"]
[WhiteElo "2625"]
[BlackElo "2540"]
[Annotator "Finkel,A"]
[PlyCount "86"]
[EventDate "1997.05.05"]
[EventType "swiss ()"]
[EventRounds "9"]
[EventCountry "CRO"]
[Source "ChessBase"]
[SourceDate "1997.05.01"]
[WhiteTeam "Estonia"]
[BlackTeam "Czech Republic"]
[WhiteTeamCountry "EST"]
[BlackTeamCountry "CZE"]

1. d4 d5 2. Nf3 e6 3. g3 Nd7 4. Bg2 b5 $5 {
Deviating from the theoretical variations,where Oll is espacially dangerous.}
5. e4 $5 {Trying to exploit the last move of black,but this breakthrough in
the center leads only to equality.Deserved attention} (5. Bf4 Ngf6 6. O-O Be7
7. c3 O-O 8. Nbd2 c5 9. Ne5 {with slightly better position.}) 5... dxe4 6. Ng5
Bb7 7. O-O Ngf6 8. Nc3 Rb8 $5 9. a3 (9. Nxb5 $6 h6 10. Nh3 Ba6 11. c4 Bxb5 (
11... c6 $6 12. Qa4 $1 Bxb5 13. cxb5 cxb5 14. Qxa7 Bd6 15. Bf4 $14) 12. cxb5
Rxb5 13. Qa4 Qb8 $15) 9... Be7 10. Qe2 O-O 11. Rd1 e3 $5 $11 12. Bxe3 Bxg2 13.
Kxg2 Nd5 $5 (13... a6 $5 14. d5 $1 exd5 15. Nxd5 Bd6 16. Nb4 $5 Qc8 17. Nc6 Qb7
18. Qf3 Ne5 19. Nxe5 Bxe5 20. Bd4 $11) (13... c6 $5 $11) 14. Nxd5 exd5 15. Nf3
Bd6 16. Ne5 $5 Qe8 $6 {This move is not a mistake,because black still can keep
the balance,but it was much simplier to play} (16... Nxe5 $5 17. dxe5 Bxe5 18.
Bxa7 Bxb2 19. Rab1 Ra8 20. Bc5 Re8 21. Qxb5 Bxa3 22. Bxa3 Rxa3 $11 {
with completly equal position.}) 17. Nc6 Rb6 18. Nb4 Qe4+ (18... c6 $5) 19. Qf3
(19. f3 $5 Qe6 20. Re1 c6 21. Qd2 Qf5 22. Nd3 Re8 23. Bf4 $14) 19... Qxf3+ 20.
Kxf3 Bxb4 $6 {Another inaccuracy after which white gets an edge.} 21. axb4 $14
a6 22. Bf4 Rc6 {The rook is definitly misplaced,but 22...c6 is even worse.} 23.
c3 Re8 24. Re1 Kf8 25. g4 {White starts the actions on the kingside trying to
make black to weaken his position.} f6 26. h4 Rxe1 27. Rxe1 Kf7 28. g5 fxg5 $6
({After} 28... Nb6 $1 29. Kg4 Nc4 30. b3 Nd6 31. gxf6 Kxf6 32. Be5+ Kf7 {
the position becomes balanced.}) 29. hxg5 Re6 $2 {Missing white's reply.Still}
(29... Nb6 30. Kg4 (30. Re2 $6 Nc4 31. Kg4 $6 Re6 $1 32. Rxe6 Kxe6 33. Bxc7
Nxb2 $17) 30... Nc4 31. b3 Nd6 32. Bxd6 Rxd6 {
would give black very good drawing chances.}) 30. Rh1 $1 $16 Nb6 31. Rxh7 Na4
32. Be5 $1 Rg6 33. Kg4 Kg8 34. Rh2 Nxb2 35. f4 Nc4 36. f5 Rc6 37. g6 $1 $18 Nd6
(37... Nxe5+ 38. dxe5 Rxc3 39. f6 gxf6 40. exf6 $18) 38. f6 gxf6 39. Bxf6 Nf7
40. gxf7+ Kxf7 41. Be5 Ke8 42. Rh8+ Kd7 43. Rh7+ Kc8 1-0

[Event "Chicago op"]
[Site "Chicago"]
[Date "1997.??.??"]
[Round "2"]
[White "Paschall, William M"]
[Black "Oll, Lembit"]
[Result "0-1"]
[WhiteElo "2285"]
[BlackElo "2625"]
[PlyCount "32"]
[EventDate "1997.05.26"]
[EventType "swiss"]
[EventRounds "7"]
[EventCountry "USA"]
[Source "ChessBase"]
[SourceDate "1999.11.16"]
[WhiteTeamCountry "EST"]
[BlackTeamCountry "CZE"]

1. d4 Nf6 2. c4 e6 3. Nc3 Bb4 4. e3 c5 5. Nge2 cxd4 6. exd4 d5 7. c5 Ne4 8. Bd2
Nxd2 9. Qxd2 Qf6 10. a3 Ba5 11. b4 Bd8 12. Ng1 O-O 13. Nf3 b6 14. Be2 bxc5 15.
dxc5 Nc6 16. b5 Ba5 0-1

[Event "Chicago op"]
[Site "Chicago"]
[Date "1997.??.??"]
[Round "3"]
[White "Oll, Lembit"]
[Black "Hernandez, Gilberto"]
[Result "1/2-1/2"]
[WhiteElo "2625"]
[BlackElo "2540"]
[PlyCount "59"]
[EventDate "1997.05.26"]
[EventType "swiss"]
[EventRounds "7"]
[EventCountry "USA"]
[Source "ChessBase"]
[SourceDate "1999.11.16"]
[WhiteTeamCountry "EST"]
[BlackTeamCountry "CZE"]

1. e4 c5 2. Nf3 e6 3. d4 cxd4 4. Nxd4 Nc6 5. Nc3 Qc7 6. Be2 a6 7. O-O Nf6 8.
Kh1 Nxd4 9. Qxd4 Bc5 10. Qd3 b5 11. f4 Bb7 12. Bf3 O-O 13. e5 Ne8 14. Bxb7 Qxb7
15. f5 f6 16. Bf4 exf5 17. Qxf5 fxe5 18. Qxe5 Bd6 19. Qd4 Rxf4 20. Rxf4 Bxf4
21. Qxf4 Nf6 22. Re1 Qc6 23. h3 Re8 24. Rxe8+ Nxe8 25. a4 Nc7 26. axb5 axb5 27.
Qb4 h6 28. Qf4 Nd5 29. Qb8+ Kh7 30. Nxd5 1/2-1/2

[Event "Chicago op"]
[Site "Chicago"]
[Date "1997.??.??"]
[Round "4"]
[White "Oll, Lembit"]
[Black "Giardelli, Sergio Carlos"]
[Result "1-0"]
[WhiteElo "2625"]
[BlackElo "2460"]
[PlyCount "87"]
[EventDate "1997.05.26"]
[EventType "swiss"]
[EventRounds "7"]
[EventCountry "USA"]
[Source "ChessBase"]
[SourceDate "1999.11.16"]
[WhiteTeamCountry "EST"]
[BlackTeamCountry "CZE"]

1. d4 Nf6 2. Nf3 g6 3. g3 c5 4. d5 b5 5. Bg2 Bg7 6. O-O O-O 7. Nh4 d6 8. e4
Nbd7 9. Re1 Rb8 10. Nd2 Qc7 11. Nf1 Nb6 12. Qe2 b4 13. Ne3 a5 14. h3 c4 15. a3
Bd7 16. axb4 axb4 17. Bd2 c3 18. bxc3 bxc3 19. Bc1 Ra8 20. Rb1 Na4 21. Nd1 Rab8
22. Ra1 Bb5 23. Qe3 Nd7 24. Nf3 Ndc5 25. Nd4 Bd7 26. Nxc3 Nxc3 27. Qxc3 Rfc8
28. Be3 Qb6 29. Qd2 Qb2 30. Ra7 Rb7 31. Rea1 Rxa7 32. Rxa7 Qb6 33. Ra5 Qb2 34.
Ra7 Bf6 35. Kh2 h5 36. h4 Qb6 37. Ra5 Qb2 38. Ra7 Qb6 39. Qa5 Qxa5 40. Rxa5 Rc7
41. f4 e6 42. e5 dxe5 43. fxe5 Bxe5 44. Nc6 1-0

[Event "National op"]
[Site "Las Vegas"]
[Date "1997.??.??"]
[Round "1"]
[White "Oll, Lembit"]
[Black "Schittko, S."]
[Result "1-0"]
[WhiteElo "2625"]
[BlackElo "2150"]
[PlyCount "39"]
[EventDate "1997.08.03"]
[EventType "swiss"]
[EventRounds "6"]
[EventCountry "USA"]
[Source "ChessBase"]
[SourceDate "1997.07.29"]
[WhiteTeamCountry "EST"]
[BlackTeamCountry "CZE"]

1. e4 g6 2. d4 Bg7 3. Nc3 c6 4. Nf3 d6 5. Be2 Bg4 6. O-O Nd7 7. Be3 e6 8. d5
exd5 9. exd5 c5 10. Nb5 Qb6 11. Bf4 Bf8 12. Ng5 Qxb5 13. Bxb5 Bxd1 14. Raxd1
Nh6 15. Ne4 Kd8 16. Bxh6 Bxh6 17. Nxd6 Rf8 18. Nxb7+ Kc7 19. Bxd7 Kxd7 20.
Nxc5+ 1-0

[Event "National op"]
[Site "Las Vegas"]
[Date "1997.??.??"]
[Round "3"]
[White "Oll, Lembit"]
[Black "Sagalchik, Gennadij"]
[Result "1/2-1/2"]
[WhiteElo "2625"]
[BlackElo "2560"]
[PlyCount "83"]
[EventDate "1997.08.03"]
[EventType "swiss"]
[EventRounds "6"]
[EventCountry "USA"]
[Source "ChessBase"]
[SourceDate "1997.07.29"]
[WhiteTeamCountry "EST"]
[BlackTeamCountry "CZE"]

1. e4 e5 2. Nf3 Nc6 3. d4 exd4 4. Nxd4 Bc5 5. Be3 Bxd4 6. Bxd4 Nxd4 7. Qxd4 Qf6
8. e5 Qb6 9. Qc3 Ne7 10. Bc4 O-O 11. Nd2 d5 12. exd6 cxd6 13. O-O Bf5 14. Rfe1
Ng6 15. Bb3 Rac8 16. Nc4 Qa6 17. Qb4 Bxc2 18. Nxd6 Rc6 19. Nc4 b6 20. h3 Qc8
21. Nd6 Qd7 22. Bxc2 Qxd6 23. Qxd6 Rxd6 24. Rad1 Rxd1 25. Rxd1 Rc8 26. Bf5 Re8
27. Kf1 Nf8 28. Re1 Rd8 29. Re7 Rd2 30. Rxa7 Rxb2 31. Bd3 g6 32. Bc4 Ne6 33. g3
h5 34. Bb3 h4 35. Rb7 hxg3 36. fxg3 Nc5 37. Rxb6 Kg7 38. Rb5 Nxb3 39. axb3 Kf6
40. Kg1 Rc2 41. Rb6+ Kf5 42. Rb5+ 1/2-1/2